000 01117nam a2200313 i 4500
001 000012526
003 DO-SdBNP
005 20250513093358.0
007 ta
008 091113s1996 dr a 001 p spa d
040 _aDO-SdBNP
_bspa
_cBNPHU
_erda
049 _aBNPD
082 4 _aRD861.44
_bH557g
_222
100 _aHernández Rueda, Lupo,
_d1930-2017
_eautor
_4aut.
_923790
245 1 3 _aLa generación del 48 en la literatura dominicana :
_bantología poética /
_cLupo Hernández Rueda; edición, Tomás Castro Burdiez, Orlando Díaz.
250 _aSegunda edición
264 1 _aSanto Domingo :
_bCorripio,
_c1996.
300 _a418 páginas :
_bilustraciones ;
_c23 cm.
336 _atexto
_btxt
_2rdacontent
337 _asin mediación
_bn
_2rdamedia
338 _avolumen
_bnc
_2rdacarrier
490 1 _aEl pez rojo
500 _aLa biblioteca posee el volumen 1 y 2
586 _aPremio Nacional de Ensayo 1980
650 4 _aPoesia dominicana
_xHistoria y crítica
_913072
700 1 _aDíaz, Orlando,
_eeditor
_4ed.
_914007
700 1 _aCastro, Tomás,
_d1959-
_eeditor
_4ed.
_924641
942 _2ddc
_cLBS1
999 _c12181
_d12181